Etelä-Afrikka-visa - Statistics

Yleistilastot
  • Tätä visaa on pelattu 496 kertaa
  • Keskiarvotulos 15 / 28
Vastaustilastot
Vihje Vastaus % Oikein
Pääkaupungit Kapkaupunki
89%
Puhutuimmat kielet Englanti
85%
Naapurimaa Lesotho
84%
Naapurimaa Namibia
82%
Suurin kaupunki Johannesburg
80%
Naapurimaa Swazimaa
80%
Naapurimaa Mosambik
79%
Naapurimaa Botswana
78%
Naapurimaa Zimbabwe
77%
Pääkaupungit Pretoria
74%
Entinen presidentti (1994-1999) Nelson Mandela
73%
Ei oikeastaan eteläisin kohta {Hyväntoivon}niemi
65%
Puhutuimmat kielet Afrikaans
62%
Puhutuimmat kielet Zulu
50%
Rotuerottelun aikakausi Apartheid
49%
Pääkaupungit Bloemfontein
48%
Suurin aavikko Kalahari
46%
Jalkapallon MM-kilpailuissa 2010 ääntä aiheuttaneet esineet Vuvuzela
45%
Puhutuimmat kielet Xhosa
36%
Pisin joki Oranje
33%
Alankomaalaisisten uudisasukkaiden perillisistä koostuva ihmisryhmä {Buuri}t
32%
Valuutta Randi
30%
Nobel-palkinnon voittanut piispa Desmond Tutu
24%
Saarivankila, jossa ylläoleva asui Robben Island
17%
Hallitseva puolue Afrikan kansalliskongressi
15%
Entinen presidentti (2009-2018) Jacob Zuma
11%
Yhtiö, joka hallitsi joskus yli 90 % maailman timanttikaupankäynnistä De Beers
9%
Rugby union -joukkueen lempinimi (Vinkki: Antilooppi) {Springbok}s
9%
Ehtoja vastaavia visoja ei löytynyt
Tulosjakauma
Jokaisen tuloksen saaneiden osuus
Persentiili vastausten määrän mukaan
Tuloshistoriasi
Et ole pelannut tätä visaa